000 00455cam a22001577a 4500
008 180718b2002 xxu||||| |||| 00| 0 eng d
020 _a817986006X
082 _aQ811 Si64
100 _aSingh, Birinder Pal
245 _aViolence as political discourse
_cby Birinder Pal Singh
260 _aShimla
_bIndian Institute of Advanced Study
_c2002
300 _a244p.
650 _aTerrorism
650 _aViolent crimes
650 _aViolence, Social conflict
999 _c399367
_d399367